000 00307nam a2200121Ia 4500
008 240731s9999 xx 000 0 und d
022 _a1540-4102
245 0 _aJournal of Food Products Marketing
260 _bRoutledge
856 _uhttps://www.tandfonline.com/loi/wfpm20
942 _2ddc
942 _cTFEJ
999 _c77732
_d77732
945 _a1
_bMadushi Gamage
_c1
_dMadushi Gamage